| 000 | 01736namaa2200373 i 4500 | ||
|---|---|---|---|
| 003 | EG-GICUC | ||
| 005 | 20260511114311.0 | ||
| 008 | 260511s1994 ua ||||jr|||| 001 0cara d | ||
| 017 |
_a94 / 665 _bدار الكتب والوثائق القومية (مصر) |
||
| 020 | _a9775050995 | ||
| 040 |
_aEG-GiCUC _bara _cEG-GiCUC _dEG-GiCUC _erda |
||
| 082 | 0 | 4 |
_221 _a920.71 _bB2999s 1994 |
| 092 | 0 | 4 |
_221 _a920.71 _bB2999s 1994 |
| 099 | _a920.71 B2999s 1994 | ||
| 100 | 1 |
_aابن بشكوال، خلف بن عبد الملك _d1101-1183 _eمؤلف. |
|
| 245 | 1 | 0 |
_aكتاب الصلة فى تاريخ أئمة الاندلس وعلمائهم ومحدثيهم وفقائهم وأدبائهم / _cتأليف الشيخ العالم ابى القاسم خلف بن عبد الملك المعروف بابن بشكوال رضى الله عنه ؛ عنى بنشره وصححه وراجع اصله السيد عزت العطار الحسينى |
| 246 | 3 | 0 | _aالصلة |
| 250 | _aالطبعة الثانية | ||
| 264 |
_aالقاهرة (مصر) : _bمكتبة الخانجى، _c1994 |
||
| 300 |
_a2 مجلد ؛ _c24 سم |
||
| 336 |
_2rdacontent _atext |
||
| 337 |
_2rdamedia _aUnmediated |
||
| 338 |
_2rdacarrier _avolume |
||
| 490 | 0 |
_aمن تراث الاندلس ؛ _v4 |
|
| 504 | _aيشتمل على ارجاعات ببليوجرافية وكشافات. | ||
| 541 |
_aد. / جابر عصفور ؛ _bالقاهرة ؛ _cإهداء ؛ _d2024. |
||
| 650 | 1 | 7 |
_aالرجال _vتراجم _2qrmak |
| 650 | 1 | 7 |
_aالاسلام _vتراجم |
| 650 | 1 | 7 |
_aالعلماء العرب _vتراجم |
| 651 | 1 | _2qrmak | |
| 700 | 1 |
_aالحسينى، السيد عزت العطار، _eمراجع. |
|
| 905 | _aAmira | ||
| 942 |
_2ddc _cBK _e21 _n0 |
||
| 999 |
_c180094 _d180094 |
||